000 00594nam a2200229Ia 4500
005 20260430150728.0
008 008 250103s9999 xx 000 0 eng d
037 _aTheses
040 _aCRL
040 _beng
040 _ceng
041 _2eng
041 _aeng
084 _qCRL
100 _aRaza Mohammad Hasnain Au.; Abbad Abu Bakar Gu.
_91238319
245 0 _aNumainda Urdu naqdeen ki afsana nigari tajziyati mutala
260 _c2023
300 _a340p.
700 _aUniversity of Delhi. Faculty of Arts. Department of Urdu
942 _cTH
999 _c1850489
_d1850489